Kanye West's Songs - Statistics

General Stats
  • This quiz has been taken 864 times
  • The average score is 8 of 18
Answer Stats
Lyrics Song % Correct
Now, tell me that ain't insecurr The concept of school seems so secure Sophomore, three yurrs, ain't picked a carurr All Falls Down
78%
How do you console my mom or give her light support Telling her her son's on life support? Through The Wire
73%
She got a light-skinned friend, look like Michael Jackson Got a dark-skinned friend, look like Michael Jackson Slow Jamz
68%
Jay favorite line: "Dawg, in due time!" Now he look at me, like, "Damn, dawg! You where I am!" A hip-hop legend, I think I died In that accident, cause this must be heaven Touch The Sky
66%
Middle America packed in Came to see me in my black skin Number one question they're askin' Black Skinhead
58%
"What you want, a Bentley? Fur coat? A diamond chain? All you blacks want all the same things" New Slaves
56%
Every interview I'm representing you, making you proud Reach for the stars so if you fall, you land on a cloud Homecoming
55%
I'm not loving you, way I wanted to See I wanna move, but can't escape from you So I keep it low, keep a secret code So everybody else don't have to know Love Lockdown
48%
Goodbye my friend, will I ever love again Coldest Winter
42%
Hood phenomenon, the LeBron of rhyme Hard to be humble when you stunting on a jumbotron Devil In A New Dress
42%
Face it, Jerome get more time than Brandon And at the airport they check all through my bag And tell me that it’s random Gorgeous
41%
'Bout the baddest girl I ever seen Straight up out a movie scene Who knew she was a drama queen That'd turn my life to Stephen King's Robocop
37%
Boned so much that summer, even had him a baby See back-back then-then, if you had a car You was the Chi-Town version of Baby And I was just a virgin, a baby Drive Slow
26%
Won't sell 'em no dream, but the inspiration is free But if they ever flip sides like Anakin You'll sell everything including the mannequin Gone
26%
That know we get O's like Cheerios That know because they seen us in the videos That know the day that you play me Would be the same day MTV play videos So Appalled
26%
She say "Can you get my friends in the club?" I say "Can you get my Benz in the club?" If not, treat your friends like my Benz Send It Up
25%
Top 5 MCs, you ain't gotta remind me Top 5 MCs: you gotta rewind me I'm high up on the line, you could get behind me But my head's so big you can't sit behind me Barry Bonds
24%
Class back in session so I upped it a grade Two years Dwayne Wayne became Dwyane Wade And, Hey Please don't start me The Glory
23%
No matching quizzes found
Score Distribution
Percent of People with Each Score
Percentile by Number Answered
Your Score History
You have not taken this quiz